Gene Regulation: (Record no. 4277)

MARC details
000 -LEADER
fixed length control field 01007cam a2200301 a 4500
001 - CONTROL NUMBER
control field 13064851
003 - CONTROL NUMBER IDENTIFIER
control field OSt
005 - DATE AND TIME OF LATEST TRANSACTION
control field 20210524100718.0
008 - FIXED-LENGTH DATA ELEMENTS--GENERAL INFORMATION
fixed length control field 020524s2002 enka b 001 0 eng d
010 ## - LIBRARY OF CONGRESS CONTROL NUMBER
LC control number 2003386916
020 ## - INTERNATIONAL STANDARD BOOK NUMBER
International Standard Book Number 0748765301
035 ## - SYSTEM CONTROL NUMBER
System control number (OCoLC)ocm50229362
040 ## - CATALOGING SOURCE
Original cataloging agency EQO
Transcribing agency EQO
Modifying agency DLC
050 00 - LIBRARY OF CONGRESS CALL NUMBER
Classification number QH450.2
Item number .L37 2002
082 00 - DEWEY DECIMAL CLASSIFICATION NUMBER
Classification number 572.86 LAT 2002
100 1# - MAIN ENTRY--PERSONAL NAME
Personal name Latchman, David S.
9 (RLIN) 9227
245 10 - TITLE STATEMENT
Title Gene Regulation:
Remainder of title a eukaryotic perspective
250 ## - EDITION STATEMENT
Edition statement 4th ed.
260 ## - PUBLICATION, DISTRIBUTION, ETC. (IMPRINT)
Place of publication, distribution, etc. Cheltenham :
Name of publisher, distributor, etc. Nelson Thornes,
Date of publication, distribution, etc. 2002.
300 ## - PHYSICAL DESCRIPTION
Extent xviii, 323 p. :
Other physical details col.ill ;
Dimensions 25 cm.
504 ## - BIBLIOGRAPHY, ETC. NOTE
Bibliography, etc Includes bibliographical references and index.
650 #0 - SUBJECT ADDED ENTRY--TOPICAL TERM
Topical term or geographic name as entry element Genes
9 (RLIN) 9228
650 #0 - SUBJECT ADDED ENTRY--TOPICAL TERM
Topical term or geographic name as entry element Genetics
9 (RLIN) 9229
856 42 - ELECTRONIC LOCATION AND ACCESS
Materials specified Publisher description
Uniform Resource Identifier http://www.loc.gov/catdir/enhancements/fy0652/2003386916-d.html
906 ## - LOCAL DATA ELEMENT F, LDF (RLIN)
a 7
b cbc
c copycat
d 2
e ncip
f 20
g y-gencatlg
942 ## - ADDED ENTRY ELEMENTS (KOHA)
Source of classification or shelving scheme Dewey Decimal Classification
Koha item type Open Shelf
Holdings
Withdrawn status Lost status Source of classification or shelving scheme Damaged status Not for loan Home library Current library Date acquired Source of acquisition Inventory number Total Checkouts Full call number Barcode Date last seen Koha item type
    Dewey Decimal Classification     MUST Main Library MUST Main Library 06/06/2016 Purchase 09/31417   572.86 LAT 2002 2016-2315 06/06/2016 Open Shelf